| 000 | 00738nam a2200241 i 4500 | ||
|---|---|---|---|
| 001 | 12710 | ||
| 003 | ES-MaACL | ||
| 005 | 20250915063029.0 | ||
| 007 | t| | ||
| 008 | 960719s1996 sp |||| | spa j | ||
| 020 | _a84-7676-349-2 | ||
| 080 | _a347.965(8=6):174 | ||
| 080 | _a174:347.965(8=6) | ||
| 100 | 1 |
_aMartínez Val, José María, _d1916- _978455 |
|
| 245 | 1 | 0 |
_aEtica de la abogacía / _cJosé María Martínez Val ; prólogo de Andrés de la Oliva Santos. |
| 250 | _a2ª ed. amp. y act. | ||
| 260 |
_aBarcelona : _bBosch, _c1996. |
||
| 300 |
_a272 p ; _c22 cm. |
||
| 650 | 1 | 4 |
_aAbogados- _xMoral profesional. _99568 |
| 700 | 1 |
_aOliva Santos, Andrés de la. _986741 |
|
| 852 |
_aES-MaACL _jL-20069 |
||
| 999 |
_c12710 _d12710 |
||